Ark Survival Evolved General Quiz 2 - Statistics

General Stats
  • This quiz has been taken 2,753 times
  • The average score is 11 of 15
Answer Stats
Question Answer % Correct
Does a Woolly Mammoth hatch from an egg or is it born? Born
89%
Which of the Titans from Extinction can fly? Desert Titan
88%
Which Armor requires Metal Ingots, Hide, and Fiber to craft? Flak Armor
88%
True or False? Genesis 2 takes place on Earth. False
81%
Which creature was exclusive to Valguero? Deinonychus
80%
Which map has runes? Fjordur
79%
Which blueprint quality is the "best", but most expensive? Ascendant
77%
What materials are needed to craft electronics? Metal Ingots and Silica Pearls
76%
Which of the following is NOT a biome on Genesis 1 Desert
73%
Which of the following features are NOT in Scorched Earth Ascension
68%
What does a Sinomacrops need to tame? Chitin
68%
Which of the following is automatically learned at level 1? Torch
66%
Which disease is permanent until cured? Swamp Fever
65%
What creature makes the Rock Drake's feathers stand up? Reapers
54%
Can Reaper-Kings shoot spiky, torpor-inducing needles from their tail? No
29%
No matching quizzes found
Score Distribution
Percent of People with Each Score
Percentile by Number Answered
Your Score History
You have not taken this quiz